000 005630000a22002050004500
999 _c48932
_d48932
001 1775
003 CO-MdFUSB
005 20180216163516.0
008 180216b xxu||||| |||| 00| 0 eng d
020 _a958-704-246-8
040 _cCO-MdBIC
082 0 4 _a867 N164c
100 1 _aNaranjo, Javier
245 1 0 _aCasa de las estrellas / Javier Naranjo ; ilustraciones Patricia Acosta
250 _a1a ed.
260 _aBogotá : Alfaguara S.A.
300 _a(72 P.)
650 1 4 _aLenguaje de los niños \ Niños - Expresiones, Locuciones, etc
942 _cLGB